000 01209nam0a22003011 4500
001 rc\2822226
005 20110622174313.9
035 _a(NLR Aleph) 006980607
090 _a5527607
_c5527607
100 _a20110622d1932 |||y0rusy50 ca
101 0 _arus
102 _aRU
105 _aa z |||||
200 1 _aЯсли в колхозе "Труженик"
_fМ. Бузинов, М. Панфилова - колхоз "Труженик", М. Спиридонов - колхоз "Труженик"
210 _a[Ленинград]
_cЛенингр. обл. изд-во
_d1932
_gТип. им. Володарского
215 _aОбл., 82 с.
_cил.
_d18х13 см
300 _aОбл.: А. Тараканов
300 _aНа обл. загл.: "Детские ясли в колхлзе "Труженик"
512 0 0 _aДетские ясли в колхлзе "Труженик"
700 1 _aБузинов
_bМ. С.
_gМихаил Сергеевич
701 1 _aПанфилова
_bМ.
701 1 _aСпиридонов
_bМ.
702 1 _aТараканов
_bА.
_4570
801 0 _aRU
_bNLR
_gpsbo
801 1 _aRU
_bELAR
_2rusmarc
852 _aNLR
_j32-8/13232
942 _cBOOK
980 _aNB